Katholisch oder Evangelisch? - Statistiken

Allgemein
  • Dieses Quiz wurde 260 mal gespielt
    259 seit der letzten Aktualisierung
  • Das Durchschnittsergebnis liegt bei 21 aus 33
Antwortstatistiken
Hint Antwort % Korrekt
Bibel Beide
89%
Beichtstuhl Katholisch
87%
Gesangbuch Beide
84%
Gottesdienst Beide
84%
Taufe Beide
83%
Trauung Beide
82%
Papst Katholisch
81%
Orgel Beide
80%
Taufbecken Beide
80%
Kommunion Katholisch
79%
Altar Beide
78%
Konfirmation Evangelisch
76%
Firmung Katholisch
75%
Hostie Katholisch
71%
Glaubensbekenntnis Beide
69%
Kelch Beide
66%
Abendmal Beide
66%
Beichte Katholisch
64%
Tabernakel Katholisch
64%
Weihwasser Katholisch
63%
Kniebänke Katholisch
63%
Nonne Katholisch
57%
ewiges Licht Katholisch
55%
Diakonisse Evangelisch
52%
Mönch Katholisch
52%
Weihwasserbecken Beide
50%
Bischof Beide
46%
Messe Katholisch
44%
Heilige Beide
42%
Pfarrer Beide
36%
Pastor Beide
34%
Diakon Evangelisch
32%
Priester Beide
25%
Keine übereinstimmenden Quizze gefunden
Verteilung der Resultate
Anzahl Personen mit jedem Resultat
Perzentil nach korrekt beantworteten Fragen
Ihre Resultats-Entwicklung
Sie haben dieses Quiz seit der letzten Aktualisierung nicht gespielt